| 000 | 03095nam a2200337 a 4500 | ||
|---|---|---|---|
| 003 | OSt | ||
| 005 | 20250811120339.0 | ||
| 007 | cr ||||||a|a|a | ||
| 008 | 250701s2025 mx a|||fom||| 001 0 spa d | ||
| 040 | _erda | ||
| 100 | 1 |
_aPérez Martínez, Slim Yudi _9190533 |
|
| 245 | 1 | 0 |
_aInsecticidas organosintéticos biológicos y biorracionales para el control de fungus Gnat en Laelia anceps L. en la UMA orquideario Chapingo/ _cpor Slim Yudi Pérez Martínez; director de tesis Candelario Santillán Ortega; secretario Francisco Suazo López; vocal Jaime Alfredo Urzua Gutierez; suplente Calixto Leopoldo Carrillo Fonseca; suplente Santos Gerardo Leyva Mir. |
| 264 | 1 |
_aChapingo, México : _bEl autor, _c2024. |
|
| 300 |
_a1 recurso en línea (59 páginas): _bcuadros, figuras. |
||
| 336 |
_2rdacontent _atexto _btxt |
||
| 337 |
_2rdamedia _acomputadora _bc |
||
| 338 |
_2rdacarrier _arecurso en línea _bcr |
||
| 502 |
_bIAEPA _cParasitología _d2024. _gLIC |
||
| 504 | _aIncluye referencias bibliográficas: páginas 44-59 . | ||
| 520 | _aLa presencia de la larva de fungus gnat se ha vuelto uno de los principales problemas en invernaderos y viveros dedicados a la producción de ornamentales, así como árboles forestales, ocasionando pérdidas superiores al 30 %. El objetivo del presente estudio fue evaluar productos químicos y biológicos para el control de fungus gnat la cual es larva de Bradysia impatiens (Johannsen, 1912) que ocasiona problemas en orquídeas como lo es Laelia anceps (Lindley, 1835) causando daño a las raíces, reduciendo la absorción de agua y nutrientes e introduciendo hongos fitopatógenos en dicha orquídea en la UMA orquideario Chapingo. El ciclo de vida de Bradysia impatiens (Johansen, 1912) es de 30 días en este tiempo se realizó el experimento bajo condiciones de temperatura de 15 °C a 28 °C se utilizaron los productos químicos: imidacloprid y cipermetrina y los bioplaguicidas: Bacillus thuringiensis var. israelensis (BTI), spinetoram y extracto de neem, realizando tres aplicaciones de cada producto con intervalo de siete días de aplicación, en el cual se evaluó la presencia de larvas vivas con ayuda de un atrayente, el cual fue rodajas de papa (Solanum tuberosum). Se determinó el mejor tratamiento para el combate de la larva con base en la presencia final de larvas para tener un método de control efectivo y rentable, obteniendo el tratamiento 1 (imidacloprid) y el 3 (extracto de neem) como los más efectivos. | ||
| 650 | 4 |
_aBradysia impatiens _xControl _9190888 |
|
| 650 | 4 |
_aOrquídeas _xPlagas _xControl _9190889 |
|
| 650 | 4 |
_aInsecticidas _xAnálisis _958856 |
|
| 700 | 1 |
_aSantillán Ortega, Candelario _9102429 |
|
| 700 | 1 |
_aSuazo López, Francisco _9110131 _esecretario. |
|
| 700 | 1 |
_aUrzúa Gutiérrez, Jaime Alfredo _9117018 _evocal. |
|
| 700 | 1 |
_aCarrillo Fonseca, Calixto Leopoldo _919482 _esuplente. |
|
| 700 | 1 |
_aLeyva Mir, Santos Gerardo _esuplente. _966581 |
|
| 856 |
_uhttp://10.13.5.2/tesis/tl/1811980-9_PEREZ_MARTINEZ_SLIMYUDI.pdf _zDESCARGAR PDF |
||
| 942 |
_2Clasificación Universidad Autónoma Chapingo _cTD |
||
| 999 |
_c220718 _d220718 |
||